000 00830nam a22002177a 4500
003 OSt
005 20260328162255.0
008 240817b ||||| |||| 00| 0 eng d
040 _c0
082 _aDPer 510.5 Am351 February - April 2019 v. 141 n. 1-2
100 _aZannier, Umberto.
_eauthor.
_958117
245 _aHyperelliptic continued fractions and generalized Jacobians /
_cUmberto Zannier.
260 _aBaltimore, Maryland U.S ;
_bJohns Hopkins University Press ,
_cFebruary 2019.
300 _aVolume 141, pages 1-40 :
_cillustration ;
_b26 cm.
500 _aAmerican Journal of Mathematics, vol. 141, no. 1, pages 1-40, February 2019.
650 0 _aMathematics.
_91041
650 0 _aMathematical ability.
_950019
650 0 _aFraction.
_948475
700 _aZannier, Umberto.
_eauthor.
_958117
942 _2ddc
_cPER
999 _c20584
_d20584